000 00677nam a2200241Ia 4500
005 20260430150430.0
008 008 250103s9999 xx 000 0 eng d
037 _aTheses
040 _aCRL
040 _beng
040 _ceng
041 _2eng
041 _aeng
084 _qCRL
100 _aChaudhary Hina Au.; Rao K.S. Gu.
_91237485
245 0 _aHeavy Metal Adsorption and Amelioration of Soil Properties by Biochar Produced From Different Urban Bio Waste Materials
260 _c2023
300 _a262p.
650 _aBotany
700 _aUniversity of Delhi. Faculty of Science. Deptt. of Botany
_91237477
942 _cTH
999 _c1849763
_d1849763